[Event "FRA-chT1 0910"]
[Site "France"]
[Date "2009.10.04"]
[Round "1.8"]
[White "Leitner, Walter"]
[Black "Wasylyk, Laure"]
[Result "1-0"]
[WhiteElo "2064"]
[BlackElo "2006"]
[PlyCount "101"]
[EventDate "2009.09.27"]
[EventType "team-match"]
[EventRounds "11"]
[EventCountry "FRA"]
[Source "ChessBase"]
[SourceDate "2010.02.25"]

1. e4 e5 2. Nf3 Nc6 3. Bb5 a6 4. Bxc6 dxc6 5. O-O Bd6 6. d4 Bg4 7. dxe5 Bxf3 8.
Qxf3 Bxe5 9. c3 Qh4 10. g3 Qh3 11. Qg2 Qh5 12. f4 Bd6 13. Be3 f6 14. Nd2 O-O-O
15. b4 Nh6 16. h3 Qe8 17. Rfe1 Qf7 18. a4 Rhg8 19. b5 axb5 20. axb5 cxb5 21.
Ra8+ Kd7 22. Rxd8+ Rxd8 23. e5 Be7 24. Qxb7 Ke8 25. Qxb5+ Kf8 26. Qb1 f5 27.
Kh2 Qg8 28. Nf3 Qd5 29. Nd4 g6 30. Qb3 Qxb3 31. Nxb3 Kf7 32. Kg2 Rd3 33. Bd4 g5
34. Re3 Rd1 35. e6+ Ke8 36. Be5 c5 37. Na5 Rd2+ 38. Kg1 Rd1+ 39. Kf2 Rd2+ 40.
Re2 Rd3 41. Rb2 Bd6 42. Bxd6 Rxd6 43. fxg5 Ng8 44. Rb8+ Rd8 45. Rxd8+ Kxd8 46.
Nc6+ Kc7 47. e7 Kd7 48. Ke3 Nxe7 49. Nxe7 Kxe7 50. Kf4 Ke6 51. c4 1-0

[Event "FRA-chT1 0910"]
[Site "France"]
[Date "2009.10.04"]
[Round "1.8"]
[White "Macarry, Elodie"]
[Black "Forestier, Carole"]
[Result "1/2-1/2"]
[WhiteElo "1894"]
[BlackElo "2124"]
[PlyCount "109"]
[EventDate "2009.09.27"]
[EventType "team-match"]
[EventRounds "11"]
[EventCountry "FRA"]
[Source "ChessBase"]
[SourceDate "2010.02.25"]

1. e4 e6 2. d4 d5 3. exd5 exd5 4. Bd3 Bd6 5. c3 Ne7 6. Ne2 Nbc6 7. Nd2 Bf5 8.
Nf3 Qd7 9. Ng3 Bxd3 10. Qxd3 O-O-O 11. Be3 h6 12. O-O-O f5 13. Ne2 g5 14. Ne1
f4 15. Bd2 Na5 16. b3 Qc6 17. h4 Nc4 18. Nc2 Nxd2 19. Rxd2 Qd7 20. hxg5 hxg5
21. Rdd1 Qg4 22. Rxh8 Rxh8 23. Rg1 Rh2 24. Ne1 c6 25. Qf3 Qf5 26. Qd3 Qg4 27.
Qf3 Qe6 28. Qd3 g4 29. Qd2 Qe4 30. f3 Ba3+ 31. Kd1 Qb1+ 32. Nc1 Qf5 33. fxg4
Qxg4+ 34. Qe2 Qg6 35. Ncd3 Bd6 36. Nf3 Rh7 37. Qd2 Qg3 38. Qe2 Kc7 39. Re1 Nf5
40. Qf2 Qxf2 41. Nxf2 Ne3+ 42. Kd2 Nxg2 43. Rg1 Nh4 44. Ng5 Re7 45. Rg4 Nf5 46.
Nd3 Ne3 47. Rh4 Nf1+ 48. Kd1 Re3 49. Nxf4 Rxc3 50. Nfe6+ Kb6 51. Rh7 Re3 52.
Rd7 Bb4 53. Nc7 Re1+ 54. Kc2 Re2+ 55. Kb1 1/2-1/2

[Event "FRA-chT1 0910"]
[Site "France"]
[Date "2009.10.04"]
[Round "1.8"]
[White "Nadin, Stephanie"]
[Black "Roumegous, Etienne"]
[Result "0-1"]
[WhiteElo "1814"]
[BlackElo "2176"]
[PlyCount "68"]
[EventDate "2009.09.27"]
[EventType "team-match"]
[EventRounds "11"]
[EventCountry "FRA"]
[Source "ChessBase"]
[SourceDate "2010.02.25"]

1. d4 d5 2. c4 c6 3. Nf3 Nf6 4. Nc3 e6 5. Bg5 h6 6. Bh4 dxc4 7. Ne5 b5 8. e3
Qb6 9. Qf3 Be7 10. g4 Bb7 11. Bg2 Na6 12. Ne4 Qd8 13. O-O Nb4 14. g5 hxg5 15.
Nxg5 Rxh4 16. Ngxf7 Qc7 17. Qg3 Ng4 18. f4 Nxe5 19. fxe5 Kd7 20. Nd6 g5 21. Rf7
Rg8 22. Raf1 Kd8 23. Bh3 g4 24. Bg2 Nd3 25. Rxe7 Qxe7 26. Nxb7+ Kc7 27. Nd6 Rg7
28. Bh1 Qg5 29. Rf6 Rh3 30. Qg2 Qxe3+ 31. Rf2 Rf3 32. Ne8+ Kb6 33. Nxg7 Nxf2
34. Qxf3 Nh3+ 0-1

[Event "FRA-chT1 0910"]
[Site "France"]
[Date "2009.10.04"]
[Round "1.8"]
[White "Touze, Jean Paul"]
[Black "Jeannerot, Lea"]
[Result "1/2-1/2"]
[WhiteElo "1999"]
[BlackElo "2019"]
[PlyCount "108"]
[EventDate "2009.09.27"]
[EventType "team-match"]
[EventRounds "11"]
[EventCountry "FRA"]
[Source "ChessBase"]
[SourceDate "2010.02.25"]

1. e4 c6 2. d4 d5 3. e5 Bf5 4. Ne2 e6 5. Ng3 Bg6 6. Nd2 c5 7. c3 Nc6 8. Bb5 Qb6
9. Bxc6+ bxc6 10. Nb3 c4 11. Nd2 Bd3 12. Ne2 h6 13. Nf4 Bh7 14. O-O Ne7 15. Nf3
c5 16. dxc5 Qxc5 17. Be3 Qc7 18. Re1 Nc6 19. Qa4 Qd7 20. b3 cxb3 21. axb3 Be7
22. c4 dxc4 23. Red1 Qb7 24. Nd4 Rc8 25. bxc4 a6 26. Nd5 Bc5 27. Nxc6 Qxc6 28.
Qxc6+ Rxc6 29. Rxa6 Rc8 30. Bxc5 exd5 31. cxd5 Bf5 32. Rc6 Kd7 33. Rd6+ Ke8 34.
Bb6 Ke7 35. Ra1 Rhe8 36. f4 Kf8 37. h3 h5 38. Kh2 Rc2 39. Re1 Rc4 40. Kg3 Rc2
41. Re3 h4+ 42. Kf3 Rc1 43. g4 hxg3 44. Kxg3 g6 45. e6 fxe6 46. dxe6 Rc4 47.
Bd8 Re4 48. e7+ Kf7 49. Rxe4 Bxe4 50. Kg4 Bf5+ 51. Kg5 Rh8 52. Rf6+ Ke8 53.
Rf8+ Rxf8 54. exf8=Q+ Kxf8 1/2-1/2

[Event "FRA-chT1 0910"]
[Site "France"]
[Date "2009.10.17"]
[Round "2.1"]
[White "Szabo, Gergely"]
[Black "Berbatov, Kiprian"]
[Result "0-1"]
[WhiteElo "2526"]
[BlackElo "2457"]
[PlyCount "146"]
[EventDate "2009.09.27"]
[EventType "team-match"]
[EventRounds "11"]
[EventCountry "FRA"]
[Source "ChessBase"]
[SourceDate "2010.02.25"]

1. e4 c5 2. c3 d5 3. exd5 Qxd5 4. d4 Nf6 5. Nf3 Bg4 6. Nbd2 Nc6 7. Bc4 Bxf3 8.
Qb3 Na5 9. Qb5+ Qd7 10. Nxf3 Nxc4 11. Qxc4 cxd4 12. Nxd4 Rc8 13. Qe2 e6 14. O-O
Be7 15. Rd1 Qc7 16. Nb5 Qa5 17. a4 a6 18. b4 Qb6 19. Be3 Qc6 20. Na7 Qc4 21.
Qf3 Rc7 22. Bf4 O-O 23. Bxc7 Qxc7 24. a5 Qb8 25. Nc6 bxc6 26. Qxc6 Qc8 27. Qxc8
Rxc8 28. b5 axb5 29. Rdb1 Nd5 30. Rxb5 Nxc3 31. Rb7 Bf6 32. Kf1 Ne4 33. Re1 Nc5
34. Rc1 Bd4 35. Rc4 e5 36. a6 Rd8 37. Rb6 Ne6 38. Rbc6 Kf8 39. Rc8 Ke7 40. Rxd8
Kxd8 41. f4 f6 42. Ra4 Ba7 43. fxe5 fxe5 44. Rb4 Kc8 45. Rb7 Bc5 46. Rf7 Kb8
47. Rb7+ Ka8 48. Rd7 e4 49. Rd5 Be3 50. Re5 Nc5 51. Re8+ Ka7 52. Re7+ Kxa6 53.
Rxg7 h6 54. Ke2 Bc1 55. Kd1 Nd3 56. Rd7 Bg5 57. h4 Bf4 58. Ke2 Nc1+ 59. Kd1 Na2
60. Re7 Kb5 61. Kc2 Nb4+ 62. Kd1 Nd5 63. Rg7 Kc4 64. Ke2 Nc3+ 65. Kf2 Bd2 66.
Rc7+ Kd3 67. Rd7+ Kc2 68. Re7 Kd1 69. g4 Be1+ 70. Ke3 Nd5+ 71. Kxe4 Nxe7 72. g5
h5 73. g6 Bxh4 0-1

[Event "FRA-chT1 0910"]
[Site "France"]
[Date "2009.10.17"]
[Round "2.2"]
[White "Bensdorp, Marlies"]
[Black "Gachet, Sebastien"]
[Result "1/2-1/2"]
[WhiteElo "2325"]
[BlackElo "2320"]
[PlyCount "143"]
[EventDate "2009.09.27"]
[EventType "team-match"]
[EventRounds "11"]
[EventCountry "FRA"]
[Source "ChessBase"]
[SourceDate "2010.02.25"]

1. d4 Nf6 2. c4 g6 3. Nc3 Bg7 4. e4 O-O 5. Bd3 d6 6. Nge2 e5 7. d5 c5 8. O-O a6
9. Rb1 Nbd7 10. f3 Ne8 11. Ng3 Qh4 12. Be3 Bh6 13. Qd2 Bxe3+ 14. Qxe3 Ng7 15.
a3 Qf4 16. Qf2 h5 17. b4 h4 18. Nge2 Qg5 19. Na4 b6 20. Rb2 h3 21. g3 f5 22.
exf5 gxf5 23. f4 Qd8 24. Rfb1 e4 25. Bc2 b5 26. Nac3 bxc4 27. Qf1 cxb4 28. Rxb4
a5 29. Rxc4 Ba6 30. Rc6 Nb8 31. Rcb6 Qc7 32. Bd1 Bd3 33. R1b2 Qc5+ 34. Kh1 Qxa3
35. Qxh3 Nd7 36. R6b3 Qc5 37. Rb7 Ra7 38. Na4 Qf2 39. Qg2 Qe3 40. Qg1 Qf3+ 41.
Qg2 Rxb7 42. Rxb7 Nf6 43. Nec3 Qe3 44. Qg1 Qd2 45. Rb2 Qc1 46. Rb6 e3 47. Bf3
Qxg1+ 48. Kxg1 Ne4 49. Be2 Bxe2 50. Nxe2 Rc8 51. Rb3 Rc4 52. Nb6 Rb4 53. Rxb4
axb4 54. Nc4 b3 55. Nd4 Nd2 56. Nb2 Kf7 57. Kg2 Kg6 58. Nf3 e2 59. Ne1 Ne4 60.
Ned3 Ne8 61. Kf3 Nc3 62. Kf2 Nf6 63. Ke1 Nfe4 64. Nc4 Kh5 65. Nc1 Kg4 66. Nxb3
Kh3 67. Nd4 Kxh2 68. Nxf5 Kg2 69. g4 Nf2 70. Nh4+ Kg3 71. Nf5+ Kxg4 72. Kxf2
1/2-1/2

[Event "FRA-chT1 0910"]
[Site "France"]
[Date "2009.10.17"]
[Round "2.2"]
[White "Karim, Ismael"]
[Black "Ider, Borya"]
[Result "1-0"]
[WhiteElo "2410"]
[BlackElo "2266"]
[PlyCount "91"]
[EventDate "2009.09.27"]
[EventType "team-match"]
[EventRounds "11"]
[EventCountry "FRA"]
[Source "ChessBase"]
[SourceDate "2010.02.25"]

1. e4 e6 2. d4 d5 3. Nd2 dxe4 4. Nxe4 Nd7 5. Bd3 c5 6. Nf3 Ngf6 7. Qe2 Nxe4 8.
Bxe4 Nf6 9. O-O Nxe4 10. Qxe4 Qd5 11. Qxd5 exd5 12. dxc5 Bxc5 13. Be3 Bxe3 14.
Rae1 Be6 15. Rxe3 Rc8 16. Nd4 Kd7 17. c3 g6 18. f3 Rhe8 19. Kf2 f6 20. Rd1 Bf7
21. Nc2 Rxe3 22. Nxe3 Rc5 23. Rd4 a5 24. Ke2 b5 25. Kd2 Kd6 26. g3 Rc7 27. Rf4
Ke7 28. a3 Be6 29. h4 h6 30. Rd4 Kd6 31. Ke2 Kc6 32. Rd1 Re7 33. Kd2 Bd7 34.
Nc2 Kc5 35. b4+ axb4 36. axb4+ Kb6 37. Ra1 Re8 38. Nd4 Rg8 39. Re1 Re8 40. Ra1
Rg8 41. Nb3 Bc6 42. Nc5 h5 43. Ra6+ Kc7 44. Ra7+ Kd6 45. Rf7 Ke5 46. Re7+ 1-0

[Event "FRA-chT1 0910"]
[Site "France"]
[Date "2009.10.17"]
[Round "2.2"]
[White "Kulaots, Kaido"]
[Black "Tranchant, Sebastien"]
[Result "1-0"]
[WhiteElo "2575"]
[BlackElo "2244"]
[PlyCount "44"]
[EventDate "2009.09.27"]
[EventType "team-match"]
[EventRounds "11"]
[EventCountry "FRA"]
[Source "ChessBase"]
[SourceDate "2010.02.25"]
[WhiteTeam "Gif/yvette"]

1. e4 c5 2. Nf3 d6 3. d4 cxd4 4. Nxd4 Nf6 5. Nc3 a6 6. a4 e5 7. Nf3 h6 8. Bc4
Be6 9. Qe2 Be7 10. O-O O-O 11. Rd1 Qc7 12. Ba2 Nbd7 13. Nh4 Rac8 14. Qf3 b5 15.
axb5 axb5 16. Bxe6 fxe6 17. Ng6 Rf7 18. Nxe7+ Rxe7 19. Nxb5 Qxc2 20. Nxd6 Rf8
21. Bd2 Qxb2 22. Bc3 Qb6 1-0

[Event "FRA-chT1 0910"]
[Site "France"]
[Date "2009.10.17"]
[Round "2.2"]
[White "Lamoureux, Charles"]
[Black "Vajda, Levente"]
[Result "0-1"]
[WhiteElo "2374"]
[BlackElo "2557"]
[PlyCount "148"]
[EventDate "2009.09.27"]
[EventType "team-match"]
[EventRounds "11"]
[EventCountry "FRA"]
[Source "ChessBase"]
[SourceDate "2010.02.25"]
[BlackTeam "Belfort"]

1. e4 e5 2. Nf3 Nc6 3. Bc4 Bc5 4. c3 Nf6 5. d3 a6 6. Nbd2 d6 7. Bb3 O-O 8. h3
Be6 9. Nf1 Bxb3 10. Qxb3 d5 11. Qc2 Nh5 12. Be3 Bxe3 13. Nxe3 Nf4 14. g3 dxe4
15. dxe4 Nd3+ 16. Kf1 Nc5 17. Kg2 Re8 18. Rad1 Qc8 19. h4 h6 20. h5 Qe6 21. Nd5
Rac8 22. Nh4 Ne7 23. f3 Nxd5 24. exd5 Qf6 25. Qf5 Qd6 26. Rhe1 Rcd8 27. c4 Nd7
28. Qc2 Qc5 29. Qc3 Qe7 30. Nf5 Qg5 31. g4 e4 32. fxe4 Qxg4+ 33. Kf2 Nc5 34.
Rd4 Nxe4+ 35. Rdxe4 Qxf5+ 36. Qf3 Qxf3+ 37. Kxf3 Rxe4 38. Rxe4 Kf8 39. b3 Re8
40. Rh4 Re5 41. Rh2 a5 42. Kf4 f6 43. Kg4 Ke7 44. Kf4 Kf7 45. Kg4 Ke7 46. Kf4
Kd6 47. Kg4 Kc5 48. Rd2 Kd6 49. Rh2 Rg5+ 50. Kf4 c6 51. dxc6 Kxc6 52. Ke4 Kc5
53. Kf4 b6 54. Ke4 a4 55. bxa4 Kxc4 56. Rb2 Kc5 57. Kf4 Kc6 58. Rh2 Kb7 59. Rh4
Ka6 60. Ke4 Ka5 61. Kd3 Rg3+ 62. Kc2 f5 63. Rd4 Rg5 64. Rd7 Kxa4 65. Kc3 Kb5
66. Kd4 Rxh5 67. Rxg7 Rh2 68. Ra7 Rh4+ 69. Kc3 h5 70. Rf7 Rf4 71. Rf8 h4 72.
Rh8 Rf3+ 73. Kd4 h3 74. Rh6 Ra3 0-1

[Event "FRA-chT1 0910"]
[Site "France"]
[Date "2009.10.17"]
[Round "2.2"]
[White "Plane, Boris"]
[Black "Shirazi, Kamran "]
[Result "0-1"]
[WhiteElo "2167"]
[BlackElo "2433"]
[PlyCount "60"]
[EventDate "2009.09.27"]
[EventType "team-match"]
[EventRounds "11"]
[EventCountry "FRA"]
[Source "ChessBase"]
[SourceDate "2010.02.25"]

1. e4 c6 2. d3 d5 3. Nd2 g6 4. c3 Bg7 5. g3 a5 6. a4 Na6 7. Qc2 h5 8. h4 e5 9.
Be2 Nf6 10. f3 Be6 11. Nh3 Nh7 12. Nb3 Qb6 13. c4 f6 14. Bd2 Nb4 15. Qc3 d4 16.
Qc1 Nxd3+ 17. Bxd3 Qxb3 18. Ra3 Qb6 19. c5 Qc7 20. b4 axb4 21. Bxb4 O-O 22. a5
f5 23. Nf2 f4 24. g4 hxg4 25. fxg4 f3 26. g5 Qf7 27. Bd2 Rfd8 28. Rg1 Nf8 29.
Rg3 Nd7 30. Bf1 Qe7 0-1

[Event "FRA-chT1 0910"]
[Site "France"]
[Date "2009.10.17"]
[Round "2.2"]
[White "Williams, Simon Kim"]
[Black "Ninov, Nikolai"]
[Result "1-0"]
[WhiteElo "2545"]
[BlackElo "2558"]
[PlyCount "77"]
[EventDate "2009.09.27"]
[EventType "team-match"]
[EventRounds "11"]
[EventCountry "FRA"]
[Source "ChessBase"]
[SourceDate "2010.02.25"]
[WhiteTeam "Rueil"]
[BlackTeam "La Tour Hyéroise"]

1. d4 d5 2. c4 e6 3. Nc3 c6 4. e4 dxe4 5. Nxe4 Bb4+ 6. Bd2 Qxd4 7. Bxb4 Qxe4+
8. Be2 Nd7 9. Nf3 c5 10. Bc3 f6 11. O-O Ne7 12. Re1 Qc6 13. Ng5 fxg5 14. Bf3
Qa6 15. Bxg7 Rg8 16. Bh5+ Ng6 17. Qg4 Kf7 18. Bc3 e5 19. Rad1 Re8 20. Rxd7+
Bxd7 21. Qxd7+ Re7 22. Qd5+ Qe6 23. Rxe5 Qxd5 24. Rxd5 Rc8 25. Rf5+ Ke8 26.
Rxg5 Rc6 27. g3 Kd7 28. f4 Nf8 29. Bf3 Ra6 30. Rxc5 Rxa2 31. f5 Re3 32. Rd5+
Kc8 33. Bg4 Rxc3 34. bxc3 a5 35. f6+ Kc7 36. f7 a4 37. Rd7+ Kb6 38. Rd8 Ng6 39.
Rd6+ 1-0

[Event "FRA-chT1 0910"]
[Site "France"]
[Date "2009.10.17"]
[Round "2.3"]
[White "Lerch, Patrice"]
[Black "Dobrev, Nanko"]
[Result "0-1"]
[WhiteElo "2322"]
[BlackElo "2403"]
[PlyCount "116"]
[EventDate "2009.09.27"]
[EventType "team-match"]
[EventRounds "11"]
[EventCountry "FRA"]
[Source "ChessBase"]
[SourceDate "2010.02.25"]
[BlackTeam "Grasse Echecs"]

1. e4 e5 2. Bc4 Nc6 3. Nf3 Bc5 4. O-O d6 5. c3 Bb6 6. d3 Na5 7. Bb5+ Bd7 8. Ba4
Bxa4 9. Qxa4+ Qd7 10. Qxd7+ Kxd7 11. Na3 a6 12. Nc2 Ne7 13. Be3 Bxe3 14. Nxe3
Nac6 15. d4 exd4 16. cxd4 Ng6 17. Nf5 Nf4 18. d5 Nd8 19. Rfe1 g6 20. Nh6 f6 21.
Re3 c5 22. dxc6+ bxc6 23. Rd1 Ke7 24. Nd4 Rb8 25. g3 Nh3+ 26. Kg2 Ng5 27. Rd2
Rb6 28. f4 Ngf7 29. Nxf7 Nxf7 30. Rc2 Kd7 31. Rec3 Nd8 32. Kf3 Re8 33. Rd2 Nb7
34. Rb3 Rxb3+ 35. Nxb3 c5 36. Nc1 Kc6 37. Ne2 Nd8 38. h4 f5 39. exf5 gxf5 40.
g4 fxg4+ 41. Kxg4 a5 42. f5 Nf7 43. Kf4 Rg8 44. f6 Rg6 45. Kf5 Kd7 46. Nf4 Nh6+
47. Ke4 Rxf6 48. Rg2 Kc6 49. Rg7 d5+ 50. Nxd5 Re6+ 51. Kf4 Kxd5 52. Rxh7 a4 53.
Kg5 Ng8 54. Ra7 Re2 55. b4 c4 56. Rxa4 c3 57. Ra5+ Kd4 58. Ra6 Ne7 0-1

[Event "FRA-chT1 0910"]
[Site "France"]
[Date "2009.10.17"]
[Round "2.3"]
[White "Rouzaud, Philippe"]
[Black "Marino, Olivier"]
[Result "1/2-1/2"]
[WhiteElo "2293"]
[BlackElo "2107"]
[PlyCount "153"]
[EventDate "2009.09.27"]
[EventType "team-match"]
[EventRounds "11"]
[EventCountry "FRA"]
[Source "ChessBase"]
[SourceDate "2010.02.25"]

1. e4 c6 2. d4 d5 3. exd5 cxd5 4. Bd3 Nc6 5. c3 Nf6 6. Bf4 g6 7. Nf3 Bg7 8. O-O
O-O 9. Re1 Bf5 10. h3 e6 11. Bf1 Bxb1 12. Rxb1 a6 13. a4 Rc8 14. Bd3 Na5 15.
Nd2 Ne8 16. Nb3 Nxb3 17. Qxb3 Qd7 18. Qb4 Rc6 19. Ra1 Bf6 20. a5 Be7 21. Qb3
Bd6 22. Bxd6 Nxd6 23. Ra4 Rfc8 24. Rb4 Qd8 25. Ra1 R8c7 26. Rb6 Kg7 27. Bf1 Qf6
28. Rxc6 Rxc6 29. Ra4 Qf4 30. Qd1 Ne4 31. Qe1 b5 32. axb6 Rxb6 33. b4 Rc6 34.
Ra3 Qc7 35. c4 Rxc4 36. Bxc4 Qxc4 37. Qa1 Qxb4 38. Rxa6 Qd2 39. Ra2 Qf4 40. Qe1
g5 41. Ra3 h5 42. Qe3 Qxe3 43. Rxe3 g4 44. Ra3 Kf6 45. Kf1 Kg5 46. Ke2 Nd6 47.
hxg4 hxg4 48. Kd3 Nf5 49. g3 Kf6 50. Ra6 Kg7 51. Ra8 Kh7 52. Ra1 Kg7 53. Rd1
Kh7 54. Ke2 Kg7 55. Rd3 Kg6 56. Kf1 Nd6 57. Kg2 Kg5 58. f3 f5 59. Rb3 Nc4 60.
Rb8 Ne3+ 61. Kf2 Nc2 62. Rc8 Nxd4 63. Rg8+ Kf6 64. fxg4 fxg4 65. Rxg4 e5 66.
Rg8 Kf5 67. Rf8+ Ke4 68. g4 Ne6 69. Rf6 Ng5 70. Rf5 Nh3+ 71. Kg3 Ng1 72. Rf7 d4
73. g5 d3 74. Rd7 Ke3 75. Kg4 d2 76. Rxd2 Kxd2 77. Kf5 1/2-1/2

[Event "FRA-chT1 0910"]
[Site "France"]
[Date "2009.10.17"]
[Round "2.3"]
[White "San Emeterio Cabanes, Jose Luis"]
[Black "Metzger, Clement"]
[Result "0-1"]
[WhiteElo "2393"]
[BlackElo "2172"]
[PlyCount "124"]
[EventDate "2009.09.27"]
[EventType "team-match"]
[EventRounds "11"]
[EventCountry "FRA"]
[Source "ChessBase"]
[SourceDate "2010.02.25"]

1. d4 g6 2. e4 Bg7 3. g3 d5 4. exd5 Qxd5 5. Nf3 Bg4 6. Bg2 Nc6 7. Nc3 Qc4 8.
Qe2 Qxe2+ 9. Nxe2 O-O-O 10. c3 e5 11. Bg5 Rd6 12. Nxe5 Nxe5 13. dxe5 Bxe5 14.
h3 Bf5 15. Rd1 Be6 16. Rxd6 Bxd6 17. Nd4 Bd7 18. Kd2 f6 19. Be3 Ne7 20. Re1 Re8
21. Nb3 Bc6 22. Bxc6 Nxc6 23. Nd4 Ne5 24. Kc2 Nc4 25. Bd2 Re5 26. Rxe5 Bxe5 27.
Nf3 Nxd2 28. Nxe5 Ne4 29. Nd3 Kd7 30. Kd1 Kd6 31. Ke2 a5 32. Ke3 Nc5 33. Kd4
Nxd3 34. Kxd3 Kc5 35. b3 b5 36. Ke4 a4 37. h4 h5 38. f3 Kd6 39. g4 Ke6 40. gxh5
gxh5 41. b4 a3 42. c4 bxc4 43. Kd4 Kf5 44. Kxc4 Kf4 45. Kc5 Kxf3 46. Kc6 Kg3
47. Kxc7 f5 48. b5 f4 49. b6 f3 50. b7 f2 51. b8=Q f1=Q 52. Kd7+ Kxh4 53. Qb4+
Kg5 54. Qxa3 Qf5+ 55. Ke7 h4 56. Qe3+ Qf4 57. Qg1+ Kf5 58. Kf7 h3 59. a4 h2 60.
Qg2 Qc7+ 61. Kf8 Qd8+ 62. Kf7 Qf6+ 0-1

[Event "FRA-chT1 0910"]
[Site "France"]
[Date "2009.10.17"]
[Round "2.3"]
[White "Sulava, Nenad"]
[Black "Debray, Christopher"]
[Result "1-0"]
[WhiteElo "2540"]
[BlackElo "2362"]
[PlyCount "33"]
[EventDate "2009.09.27"]
[EventType "team-match"]
[EventRounds "11"]
[EventCountry "FRA"]
[Source "ChessBase"]
[SourceDate "2010.02.25"]
[WhiteTeam "La Tour Hyéroise"]

1. d4 Nf6 2. Nf3 e6 3. e3 b6 4. Bd3 Bb7 5. O-O c5 6. c4 Be7 7. Nc3 d5 8. cxd5
exd5 9. Bb5+ Bc6 10. Qa4 Bxb5 11. Qxb5+ Qd7 12. Ne5 Qxb5 13. Nxb5 Na6 14. Rd1
O-O 15. Nc6 Rfe8 16. b3 Kf8 17. Bb2 1-0

[Event "FRA-chT1 0910"]
[Site "France"]
[Date "2009.10.17"]
[Round "2.4"]
[White "Andonov, Bogomil"]
[Black "Riff, Vincent"]
[Result "1-0"]
[WhiteElo "2294"]
[BlackElo "2321"]
[PlyCount "99"]
[EventDate "2009.09.27"]
[EventType "team-match"]
[EventRounds "11"]
[EventCountry "FRA"]
[Source "ChessBase"]
[SourceDate "2010.02.25"]

1. Nf3 d5 2. c4 c6 3. cxd5 cxd5 4. d4 Nf6 5. Nc3 Nc6 6. Bf4 Bf5 7. e3 e6 8. Qb3
Bb4 9. Bb5 O-O 10. Bxc6 Bxc3+ 11. Qxc3 Rc8 12. Ne5 Ng4 13. Nxg4 Bxg4 14. Qa3
Rxc6 15. Qxa7 Qa8 16. Qxa8 Rxa8 17. Kd2 Rac8 18. Rac1 Rxc1 19. Rxc1 Rxc1 20.
Kxc1 Kf8 21. Bd6+ Ke8 22. Kd2 Bf5 23. Kc3 Kd7 24. Bf8 g5 25. h3 h5 26. f3 Bb1
27. a4 f5 28. Bh6 g4 29. Bf4 Kc6 30. Be5 b6 31. h4 gxf3 32. gxf3 Kb7 33. b4 Ba2
34. b5 Bc4 35. Kb4 f4 36. exf4 Be2 37. f5 exf5 38. f4 Kc8 39. Bd6 Kd7 40. Bf8
Kc7 41. Bg7 Bf1 42. Bf6 Be2 43. a5 bxa5+ 44. Kxa5 Bf1 45. Kb4 Kd6 46. Be5+ Kd7
47. Kc5 Bc4 48. Bf6 Kc7 49. Be5+ Kd7 50. Bd6 1-0

[Event "FRA-chT1 0910"]
[Site "France"]
[Date "2009.10.17"]
[Round "2.4"]
[White "Desbonnes, Samy"]
[Black "Lambert, Romain"]
[Result "1/2-1/2"]
[WhiteElo "2332"]
[BlackElo "2003"]
[PlyCount "124"]
[EventDate "2009.09.27"]
[EventType "team-match"]
[EventRounds "11"]
[EventCountry "FRA"]
[Source "ChessBase"]
[SourceDate "2010.02.25"]

1. e4 c5 2. Nf3 Nc6 3. d4 cxd4 4. Nxd4 Nf6 5. Nc3 e5 6. Ndb5 d6 7. Bg5 a6 8.
Na3 b5 9. Bxf6 gxf6 10. Nd5 Bg7 11. c3 f5 12. exf5 Bxf5 13. Nc2 O-O 14. Nce3
Be6 15. Bd3 f5 16. O-O Ra7 17. a4 e4 18. Nf4 Bd7 19. axb5 axb5 20. Bxb5 Rxa1
21. Qd5+ Kh8 22. Rxa1 Ne7 23. Qc4 Be5 24. Ne6 Bxe6 25. Qxe6 Rf6 26. Qd7 Qxd7
27. Bxd7 d5 28. Ra8+ Kg7 29. Re8 Kf7 30. Bb5 d4 31. Nc4 Bf4 32. g3 dxc3 33.
bxc3 Bc1 34. Ne5+ Ke6 35. Nc6 Ba3 36. Nd8+ Kd5 37. Nb7 f4 38. c4+ Kd4 39. Rd8+
Ke5 40. Ra8 Bb4 41. c5 e3 42. fxe3 fxe3 43. Re8 Re6 44. Bc4 Kd4 45. Be2 Bxc5
46. Rd8+ Nd5 47. Bf3 Re5 48. Kf1 Bb6 49. Rd6 Kd3 50. Be2+ Ke4 51. Bc4 Bd4 52.
Bxd5+ Rxd5 53. Rxd5 Kxd5 54. Na5 Ke4 55. Ke2 Ba7 56. Nc4 Bc5 57. Nb2 h5 58. Nd3
Bd6 59. Ne1 h4 60. gxh4 Bxh2 61. Ng2 Bf4 62. Nxf4 Kxf4 1/2-1/2

[Event "FRA-chT1 0910"]
[Site "France"]
[Date "2009.10.17"]
[Round "2.4"]
[White "Guichard, Pauline"]
[Black "Jens, Jelmer"]
[Result "1/2-1/2"]
[WhiteElo "2304"]
[BlackElo "2366"]
[PlyCount "49"]
[EventDate "2009.09.27"]
[EventType "team-match"]
[EventRounds "11"]
[EventCountry "FRA"]
[Source "ChessBase"]
[SourceDate "2010.02.25"]

1. d4 Nf6 2. c4 e6 3. Nc3 Bb4 4. e3 b6 5. Bd3 Bb7 6. Nf3 c5 7. O-O O-O 8. Na4
cxd4 9. a3 Be7 10. exd4 Qc7 11. Re1 d5 12. c5 bxc5 13. Nxc5 Bxc5 14. dxc5 Qxc5
15. b4 Qe7 16. Bb2 Nbd7 17. Qc1 Rfe8 18. Qg5 a5 19. Bb5 Red8 20. bxa5 Rxa5 21.
a4 Qb4 22. Ba3 Qb3 23. Be7 Rb8 24. Bxf6 Nxf6 25. Ba6 1/2-1/2

[Event "FRA-chT1 0910"]
[Site "France"]
[Date "2009.10.17"]
[Round "2.4"]
[White "Pellisseri, Michel"]
[Black "Guerin, Gilles"]
[Result "0-1"]
[WhiteElo "2100"]
[BlackElo "2227"]
[PlyCount "118"]
[EventDate "2009.09.27"]
[EventType "team-match"]
[EventRounds "11"]
[EventCountry "FRA"]
[Source "ChessBase"]
[SourceDate "2010.02.25"]

1. d4 Nf6 2. c4 d6 3. Nf3 Nbd7 4. Nc3 e5 5. e4 g6 6. Be2 Bg7 7. O-O O-O 8. Re1
exd4 9. Nxd4 Re8 10. Bf1 Nc5 11. f3 c6 12. Be3 a5 13. Qd2 a4 14. Rad1 Qb6 15.
Qf2 Bf8 16. Rb1 Qa5 17. Bd2 Qc7 18. b4 axb3 19. axb3 Bd7 20. b4 Ne6 21. Be3 Bg7
22. Rec1 Ra3 23. Nxe6 Bxe6 24. Bd4 Rea8 25. h3 Qe7 26. f4 Rxc3 27. Bxc3 Nxe4
28. Qe1 Nxc3 29. Rxc3 Bd4+ 30. Kh1 Bxc3 31. Qxc3 Bf5 32. Re1 Be4 33. Bd3 f5 34.
Bxe4 fxe4 35. Qd4 Re8 36. Re3 Qe6 37. Kg1 d5 38. g4 dxc4 39. f5 Qd5 40. Qc3 b5
41. fxg6 hxg6 42. Qf6 Re6 43. Qh4 Qd4 44. Qe1 c5 45. bxc5 Qxc5 46. Kg2 b4 47.
Qd2 c3 48. Qa2 Qc6 49. g5 c2 50. Re1 e3+ 51. Kh2 Qc7+ 52. Kg2 Qb7+ 53. Kh2 b3
54. Qa5 Qb8+ 55. Kg2 b2 56. Qd5 Qe5 57. Qa8+ Re8 58. Qa2+ Kh7 59. Qf7+ Qg7 0-1

[Event "FRA-chT1 0910"]
[Site "France"]
[Date "2009.10.17"]
[Round "2.4"]
[White "Soupizon, Remi"]
[Black "Pira, Davoud"]
[Result "0-1"]
[WhiteElo "2047"]
[BlackElo "2382"]
[PlyCount "31"]
[EventDate "2009.09.27"]
[EventType "team-match"]
[EventRounds "11"]
[EventCountry "FRA"]
[Source "ChessBase"]
[SourceDate "2010.02.25"]

1. d4 Nf6 2. Nf3 e6 3. Bf4 b6 4. e3 Be7 5. Bd3 c5 6. c4 cxd4 7. exd4 O-O 8. d5
exd5 9. cxd5 Bb4+ 10. Kf1 Re8 11. a3 Bf8 12. d6 h6 13. Nc3 a6 14. Bc4 b5 15.
Be2 Bb7 16. Ne5 0-1

[Event "FRA-chT1 0910"]
[Site "France"]
[Date "2009.10.17"]
[Round "2.4"]
[White "Stephan, Jean Marie"]
[Black "Carlier, Bruno"]
[Result "0-1"]
[WhiteElo "2238"]
[BlackElo "2397"]
[PlyCount "100"]
[EventDate "2009.09.27"]
[EventType "team-match"]
[EventRounds "11"]
[EventCountry "FRA"]
[Source "ChessBase"]
[SourceDate "2010.02.25"]

1. e4 c5 2. Nf3 Nc6 3. Nc3 d6 4. d4 cxd4 5. Nxd4 Nf6 6. Bg5 e6 7. Qd2 a6 8.
O-O-O Bd7 9. f3 Be7 10. Be3 h5 11. Kb1 Rc8 12. h3 b5 13. Bd3 h4 14. Rhe1 Ne5
15. f4 b4 16. Nce2 Nc4 17. Bxc4 Rxc4 18. Qd3 Qc7 19. e5 dxe5 20. fxe5 Nd5 21.
Bc1 O-O 22. Nf4 Nxf4 23. Bxf4 Rc8 24. Rd2 Be8 25. Red1 a5 26. g3 a4 27. gxh4 a3
28. Rg1 Rxd4 29. Qxd4 Bc5 30. Rxg7+ Kxg7 31. Rg2+ Kh8 32. Qd3 f5 33. Bh6 Qxe5
34. Bg7+ Qxg7 35. Rxg7 Kxg7 36. h5 Be7 37. Qg3+ Kh7 38. Qe5 Bf7 39. c3 bxc3 40.
bxc3 Bf8 41. Qf6 Rc7 42. Qd8 Rb7+ 43. Kc2 Bg7 44. Kd3 Bxh5 45. Qh4 Kg6 46. Qc4
Rf7 47. h4 e5 48. Qc6+ Kh7 49. Qg2 e4+ 50. Kc4 Bh6 0-1